Normal view MARC view

Entry Personal Name

Number of records used in: 9

001 - CONTROL NUMBER

  • control field: 4367

003 - CONTROL NUMBER IDENTIFIER

  • control field: NLI

005 - DATE AND TIME OF LATEST TRANSACTION

  • control field: 20210407144027.0

008 - FIXED-LENGTH DATA ELEMENTS

  • fixed length control field: 210407|| aca||aabn | a|a d

040 ## - CATALOGING SOURCE

  • Original cataloging agency: NLI
  • Transcribing agency: NLI

100 ## - HEADING--PERSONAL NAME

  • Personal name: Yeats, W.B. (William Butler),
  • Dates associated with a name: 1865-1939
  • General subdivision: Criticism and interpretation

670 ## - SOURCE DATA FOUND

  • Source citation: Work cat.: (NLI): 880-01 Ghosh, Dinabandhu, 1970- 4146, W.B. Yeats :, 2014
                                                                           
web counter

Copyright ©2020 The National Library of India, Govt. of India ↔ Hosted by NVLI, MOC ↔ Technology and Design by National Library of India, Ministry of Culture, Govt. of India